Windows 3.1 and Dos 5: Quick reference guide (Record no. 163861)
[ view plain ]
| 000 -LEADER | |
|---|---|
| fixed length control field | 00382nam a2200157Ia 4500 |
| 008 - FIXED-LENGTH DATA ELEMENTS--GENERAL INFORMATION | |
| fixed length control field | 231217s9999 xx 000 0 und d |
| 041 ## - LANGUAGE CODE | |
| Language code of text/sound track or separate title | English |
| 082 ## - DEWEY DECIMAL CLASSIFICATION NUMBER | |
| Classification number | 001.6424WIN MEH |
| 100 ## - MAIN ENTRY--PERSONAL NAME | |
| Personal name | Mehta, Subhash |
| 245 #0 - TITLE STATEMENT | |
| Title | Windows 3.1 and Dos 5: Quick reference guide |
| 250 ## - EDITION STATEMENT | |
| Edition statement | 1st ed. |
| 260 ## - PUBLICATION, DISTRIBUTION, ETC. | |
| Date of publication, distribution, etc. | 1993 |
| Name of publisher, distributor, etc. | Galgotia |
| 300 ## - PHYSICAL DESCRIPTION | |
| Extent | xxx+514 |
| 650 ## - SUBJECT ADDED ENTRY--TOPICAL TERM | |
| Topical term or geographic name entry element | Windows |
| 942 ## - ADDED ENTRY ELEMENTS (KOHA) | |
| Koha item type | Books |
| Date last seen | Total checkouts | Full call number | Accession number | Date due | Date last checked out | Cost, total (INR) price | Price effective from | Category | Public note | Lost status | Damaged status | Department | Withdrawn status | Home library | Current library | Entry date | Vendor | Cost, normal purchase price | Grants | Billnumber | Billdate | Currency symbol | Conversion rate | Discount | Old discount |
|---|---|---|---|---|---|---|---|---|---|---|---|---|---|---|---|---|---|---|---|---|---|---|---|---|---|
| 01/04/2024 | 1 | 001.6424WIN MEH | 7862 | 24/08/2001 | 01/04/2024 | 102.00 | 26/01/2024 | Books | Issued to CS/1435/Mamatha M | Central Library | Central Library | Central Library | 18/12/1995 | Mega Books | 120.00 | CS | 703 | 12/05/1998 | RS | 1 | 18 | 15 |
